<?xml version="1.0" encoding="UTF-8"?>
<collection xmlns="http://www.loc.gov/MARC21/slim">
  <record>
    <leader>00000nam  2200000   4500</leader>
    <controlfield tag="001">INLIS000000000001685</controlfield>
    <controlfield tag="005">20180724142831</controlfield>
    <controlfield tag="008">180724|||||||||   |   |||   |||| ||   | </controlfield>
    <datafield tag="035" ind1=" " ind2=" ">
      <subfield code="0">010-0718001685</subfield>
    </datafield>
    <datafield tag="041" ind1=" " ind2=" ">
      <subfield code="a">id</subfield>
    </datafield>
    <datafield tag="082" ind1=" " ind2=" ">
      <subfield code="a">R 047</subfield>
    </datafield>
    <datafield tag="090" ind1=" " ind2=" ">
      <subfield code="a">R. 047 PIM I 2016</subfield>
    </datafield>
    <datafield tag="100" ind1=" " ind2=" ">
      <subfield code="a">Widianto Trisasongko</subfield>
    </datafield>
    <datafield tag="245" ind1=" " ind2=" ">
      <subfield code="a">Transformasi Siste Perizinan Pengusahaan dan Penggunaan Sumber Daya Air</subfield>
    </datafield>
    <datafield tag="260" ind1=" " ind2=" ">
      <subfield code="a">Jakarta</subfield>
      <subfield code="b">LAN Jakata</subfield>
      <subfield code="c">2016</subfield>
    </datafield>
    <datafield tag="300" ind1=" " ind2=" ">
      <subfield code="a">vi, 40 hlm., Ilus, 30 cm</subfield>
    </datafield>
    <datafield tag="500" ind1=" " ind2=" ">
      <subfield code="a">Proyek Perubahan ini Meningkatkan pelayanan prima yaitu akuntabilitas, transparansi, efisien dan efektif dalam system perizinan pengusahaan dan penggunaan sumber daya air di Indonesia melalui pengaturan kebijakan oleh Kementerian Pekerjaan Umum dan Perumahan Rakyat Tentang Penerapan Izin SDA Satu Sistem (iSDASS) sebagai pelengkap Permen PUR No.01 Tahun 2016.</subfield>
    </datafield>
    <datafield tag="650" ind1=" " ind2=" ">
      <subfield code="a">Perizinan</subfield>
    </datafield>
  </record>
</collection>
